000 00551nam a2200181Ia 4500
003 GCL
008 140319s9999 xx 000 0 ara d
040 _aGCL /
_cGCL
082 0 4 _a252.3
_bع ص
100 1 _aعبدالرزاق نوفل
245 1 0 _aصوم رمضان /
_cعبدالرزاق نوفل
260 _a[S.N] :
_bالمنظمة العربية لحقوق الانسان ،
_c1983
300 _a44 ص
490 _aاركان الاسلام
_v0
650 0 4 _aالصوم
650 0 4 _aالشريعة الاسلامية
942 _2ddc
_cBK
999 _c57224
_d57224